Statistics for Dirty Laundry - All Time Low Lyrics

Click here to take the quiz!

General Stats

  • This quiz has been taken 88 times
  • The average score is 155 of 194

Answer Stats

Answer% Correct
I
98%
A
95%
To
95%
Dirty
94%
Laundry
94%
You
94%
Do
92%
Her
92%
In
92%
Got
89%
The
89%
We
89%
Don't
87%
Is
87%
Too
87%
It
85%
On
85%
Room
85%
She's
85%
I've
84%
What
84%
Yeah
84%
Mine
82%
They
82%
Care
81%
Make
81%
Never
81%
Not
81%
Secrets
81%
That
81%
About
79%
Believe
79%
Piling
79%
Good
77%
It's
77%
My
77%
Know
76%
Looks
76%
Mistakes
76%
Saints
74%
With
74%
Did
71%
Only
71%
All
69%
But
69%
Up
69%
Am
68%
Need
68%
Tell
68%
Who
68%
Change
66%
Perfect
65%
Place
65%
Mess
63%
Your
63%
Closets
60%
Ever
60%
Skeletons
60%
Dressing
58%
Filled
58%
Such
58%
Without
58%
Enough
56%
Kept
56%
Now
56%
Over
56%
Some
56%
History
55%
Mind
55%
Trip
55%
Always
53%
Confess
53%
Honesty
53%
Eye
52%
Nobody's
52%
See
52%
Sometimes
52%
Catch
50%
Could
50%
Here's
50%
Things
50%
Shouldn't
47%
Wish
44%

Score Distribution

Percentile by Number Answered

Percent of People with Each Score

Your Score History

You have not taken this quiz